Julia o Escenas de la vida en Lima : (Record no. 23646)

000 -CABECERA
fixed length control field 00688nam a22001937i 4500
003 - IDENTIFICADOR DEL NÚMERO DE CONTROL
control field AR-CdUCM
008 - DATOS DE LONGITUD FIJA--INFORMACIÓN GENERAL
fixed length control field 260428b20222022 pe||||| |||| 00| 0 spa d
020 ## - NÚMERO INTERNACIONAL ESTÁNDAR DEL LIBRO
ISBN 978-612-5013-11-8
040 ## - FUENTE DE LA CATALOGACIÓN
Agencia/entidad que catalogó originalmente la obra MUNICIPALIDAD PROVINCIAL DEL CUSCO
Entidad que transcribió la catalogación BIBLIOTECA MUNICIPAL DEL CUSCO
082 ## - NÚMERO DE LA CLASIFICACIÓN DECIMAL DEWEY
No. de la edición 2°ed.
No. de Clasificación 869.57
Notacion interna B44J
100 ## - ENTRADA PRINCIPAL--NOMBRE DE PERSONA
Nombre Personal Benjamín Cisneros, Luis
245 ## - MENCIÓN DE TÍTULO
Título Julia o Escenas de la vida en Lima :
Resto del título Edición critica de Agustín Prado Alvarado /
260 ## - PUBLICACIÓN, DISTRIBUCIÓN, ETC.
Lugar de publicación, distribución, etc. Perú:
Nombre de la editorial, distribuidor, etc. Ediciones MyL SAC.
300 ## - DESCRIPCIÓN FÍSICA
Nº de Páginas Extensión páginas. :
Dimensiones 22x14cm.
505 ## - NOTA DE CONTENIDO CON FORMATO
Nota de contenido formateada Luis Benjamín Cisneros, un poeta diplomático -- Escenas de la vida en Lima
942 ## - ELEMENTOS DE PUNTO DE ACCESO ADICIONAL (KOHA)
Fuente de clasificación
Tipo de item Libros-BMC
945 ## - PROCESAMIENTO DE INFORMACIÓN LOCAL (OCLC)
Catalogador pbjr
AAAA-MM-DD - Fecha de ingreso o modificacion 28-04-2026
Holdings
Estado de retiro (separado) Fuente de clasificación o esquema de estanterías Estado dañado Ubicación Sala donde se ubica Nombre de la colección Fecha de adquisición o compra Fuente de adquisición Costo, precio normal en soles Signatura topográfica Código de Barras Última vez visto (Koha) Tipo de ítem (Koha)
No     Sala Humanidades Sala Humanidades Book Cart 2026-04-28 Donación 20.00 869.57 / B44J SH0000017120 2026-04-28 Libros-BMC
No     Sala Humanidades Sala Humanidades Book Cart 2026-04-28 Donación 20.00 869.57 / B44J / e.2 SH0000017121 2026-04-28 Libros-BMC

Powered by Koha